Guía de campo: plagas en tomate, clavel y palto

Saved in:
Bibliografiske detaljer
Hovedforfatter: Vargas, Robinson
Andre forfattere: Alvear, Andrés, Olivares Pacheco, Natalia del Carmen (autora)
Format: Bog
Sprog:spansk
Udgivet: La Cruz INIA 2003
Fag:
Tags: Tilføj Tag
Ingen Tags, Vær først til at tagge denne postø!

MARC

LEADER 00000nam a2200000 a 4500
001 UCJ0875
003 CL-VaPUC
005 20220930150637.0
008 060908e20030000CL |||||||||||||||||spa|d
999 |c 317627  |d 317625 
040 |c Pontificia Universidad Católica de Valparaíso 
082 0 4 |a 635.642 VAR 2003  |2 21 
100 0 |a Vargas, Robinson  |9 501296 
245 1 0 |a Guía de campo: plagas en tomate, clavel y palto 
260 |a La Cruz  |b INIA  |c 2003 
300 |a 67 páginas 
583 |a last modification  |c 20140409 03:16:13  |k Rodrigo Vera 
650 7 |a TOMATE  |2 CL-VaPUC  |9 264158 
650 7 |a FERTILIZANTE  |2 CL-VaPUC  |9 418315 
650 0 |a Invernaderos  |9 264317 
650 0 |a Fertilización   |9 259681 
650 0 |a Control de plagas  |9 327373 
650 7 |a PLANTACION  |2 CL-VaPUC  |9 369124 
700 0 |a Alvear, Andrés  |9 501297 
700 |a Olivares Pacheco, Natalia del Carmen  |e autora  |9 842523 
942 |c BK  |2 ddc 
945 |d 20060908 00:00:00  |a jtorresc 
952 |0 0  |1 0  |2 ddc  |4 0  |6 635_642000000000000_VAR_2003  |7 0  |8 A  |9 394220  |a BIBAGR  |b BIBAGR  |d 2019-11-22  |i 4241150  |l 1  |o 635.642 VAR 2003  |p 4241150  |r 2024-03-11  |s 2024-03-11  |t 3  |w 2019-11-22  |y BK  |k AGR